01553 2200457 4500001002100000005001500021035002000036008004100056020001800097041000800115082001000123084001600133100002000149245009900169250001700268260004600285300002600331520020300357650001500560700002000575990002500595990002500620990002500645990002500670990002500695990002500720990002500745990002500770990002500795990002500820990002500845990002500870990002500895990002500920990002500945990002500970990002500995990002501020990002501045990002501070INLIS00000000000241320221102012554 a0010-0520002413221102 | | ind  a979-421-942-8 aind a336.2 a336.2 ACH p0 aAchmad Tjahyono1 aPerpajakan Indonesia :bPendekatan Soal Jawab dan Kasus /cAchmad Tjahyono dan Triyono Wahyudi aEd. 1 Cet. 2 aJakarta :bPT RajaGrafindo Persada,c2005 axii, 484 p. ;c23 cm. aBuku ini memaparkan teori dan konsep, buku ini juga menguraikan contoh contoh perhitungan pajak yang disesuaikan aplikasi nyata dan melampirkan contoh-contoh SPT beserta tata cara pengisiannya.02773 4aPerpajakan0 aTriyono Wahyudi a02773/MKRI-P/II-2006 a02774/MKRI-P/II-2006 a21649/MKRI-P/XI-2011 a21650/MKRI-P/XI-2011 a21648/MKRI-P/XI-2011 a21648/MKRI-P/XI-2011 a02773/MKRI-P/II-2006 a02774/MKRI-P/II-2006 a21649/MKRI-P/XI-2011 a21650/MKRI-P/XI-2011 a21650/MKRI-P/XI-2011 a02773/MKRI-P/II-2006 a02774/MKRI-P/II-2006 a21649/MKRI-P/XI-2011 a21648/MKRI-P/XI-2011 a21649/MKRI-P/XI-2011 a02773/MKRI-P/II-2006 a02774/MKRI-P/II-2006 a21650/MKRI-P/XI-2011 a21648/MKRI-P/XI-2011